00549nam a2200193Ia 4500003000400000005001700004008004100021020000700062040000700069082001400076100004200090245005900132250000700191260005200198300002700250500000700277600002100284650005000305OSt20241023103411.0240925s9999 xx 000 0 und d aNA csd a005.1 LAB aUIT Computer Systems Eng. Department 0aComputer Programming and Principals: laboratory manual aNA aKarachi:bUsman Institute of Technologyc,2002. axv,426p.bNAfOriginal aNA aComputer Science aComputer science, information & general works